000 nam a22 a 4500
999 _c42243
_d42243
003 BLK
005 20220207102654.0
008 180408b bul|||||r ||||||| ||bul||
010 _aKNG00045904000
040 _aBLK
041 _aBUL
_cBUL
080 _aИспанска литература
_b821.134.2
_x-31
_z821.134.2-31
100 1 _aВидал Каделянс, Х.
_eпърви автор
_9278099
139 _aВидал Каделянс, Х.
_bВ 57
245 1 0 _aНе беше от нашите
_bРоман
_cХ. Видал Каделянс; прев. от исп. Мария Топчева де Алварес.
257 _aSPA
260 _aСофия
_bНар. култура
_c1961
300 _a184 с.
_c21 см
380 _aX
500 _aАвт. не е даден на кор. - Кн. е отличена с премията "Еухенио Надал" за1958 г.
700 1 _aде Алварес, Мария Топчева
_eпрев. от исп.
_9278100
852 _aЦб 19740
856 4 _qpdf
856 4 _qpdf
942 _cKNG
_n0
_s1
944 _aCR
_c31.08.2016
_kНаталия_Любомирова
944 _aED
_c31.08.2016
_kНаталия_Любомирова
999 _d42243